Alfonso XIII y la crisis de la restauración
Enregistré dans:
| Auteur principal: | |
|---|---|
| Format: | Livre |
| Langue: | espagnol |
| Publié: |
Barcelona, España
Ariel
1969
|
| Collection: | Horas de España
|
| Sujets: | |
| Tags: |
Ajouter un tag
Pas de tags, Soyez le premier à ajouter un tag!
|
MARC
| LEADER | 00000nam a2200000 a 4500 | ||
|---|---|---|---|
| 001 | UCO1238 | ||
| 003 | CL-VaPUC | ||
| 005 | 20200422162827.0 | ||
| 008 | 000512e19690000SP |||||||||||||||||spa|d | ||
| 999 | |c 287867 |d 287865 | ||
| 040 | |c Pontificia Universidad Católica de Valparaíso | ||
| 082 | 0 | 4 | |a 946.74 SEC 1969 |2 21 |
| 100 | 0 | |a Seco Serrano, Carlos |e author |9 443167 | |
| 245 | 1 | 0 | |a Alfonso XIII y la crisis de la restauración |
| 260 | |a Barcelona, España |b Ariel |c 1969 | ||
| 300 | |a 190 páginas | ||
| 490 | 0 | |a Horas de España | |
| 583 | |a last modification |c 20120830 10:51:57 |k Rodrigo Vera | ||
| 600 | 0 | 7 | |a ALFONSO XIII |2 CL-VaPUC |9 388206 |z ESPAÑA |
| 650 | 7 | |a HISTORIA DE ESPAÑA |2 CL-VaPUC |9 443168 |y 1898 | |
| 650 | 7 | |a CRISIS POLITICA Y SOCIAL |2 CL-VaPUC |9 439381 |z ESPAÑA | |
| 650 | 7 | |a RESTAURACION |2 CL-VaPUC |9 411453 |z ESPAÑA | |
| 852 | |a BIBCUR | ||
| 942 | |c BK |2 ddc | ||
| 945 | |d 20000512 00:00:00 |a rherrera | ||
| 952 | |0 0 |1 0 |2 ddc |4 0 |6 946_740000000000000_SEC_1969 |7 0 |8 A |9 334946 |a BIBHIS |b BIBHIS |d 2019-11-20 |i 1280422 |o 946.74 SEC 1969 |p 1280422 |r 2025-01-20 |t 1 |w 2019-11-20 |y BK |k HIS | ||